Dialogues - Le cave se rebiffe - Statistiques

Statistiques générales
  • Ce quiz a été pris 14 fois
    9 depuis la dernière actualisation
  • Le résultat moyen est 8 sur 24
Statistiques - réponses
Hint Réponse % Correct
"Vingt ans de placard ! Les bénéfices ça se divise, la réclusion ça s'_____ !" Additionne
88%
"Avec mon mari c'est pas facile à savoir. Il n'était déjà pas causant avant. Maintenant il n'ouvre plus la bouche que pour _____." Manger
88%
"Si la _____ se mesurait, il servirait de maître étalon. Il serait à Sèvres." Connerie
63%
"Dis donc, c'est bien cette autoroute. Ca, au moins, c'est des _____ bien employés." Impôts
50%
"C'est marrant que vous m'ayez reconnu tout de suite. On m'avait fait un _____ parlé. Je pouvais pas me tromper." Portrait
50%
"Je connais ton honnêteté mais je connais aussi mes classiques. Depuis Adam se laissant enlever une côte jusqu'à Napoléon attendant Grouchy, toutes les grandes affaires qui ont foiré étaient basées sur la _____." Confiance
38%
"Dire qu'il suffit de mettre un _____ au feu pour voir s'amener les emmerdeurs !" Gigot
38%
"Dans un ménage, quand l'_____ ne ramène pas un certain volume d'oseille, l'autorité devient, ni plus ni moins, d'la tyrannie… Et l'autoritaire, un simple emmerdeur prétentieux !" Homme
38%
"Et dites-vous bien que dans la vie, ne pas reconnaître son talent, c'est faciliter la réussite des _____." Médiocres
38%
"Mais dis donc ma bonne Pauline. Tu sais que je ne suis pas venu faire l'appel aux _____." Morts
38%
"Nous allons donc confier notre petit trésor aux seuls gens qui n'égarent jamais rien… Aux employés de cette administration que le monde entier nous envie, j’ai nommé les _____ …" PTT
38%
"À quoi que je le reconnaîtrai? Un beau brun avec des petites _____. Grand, l'air con." Bacchantes
25%
"Tiens môme, pour tes _____!" Cigarettes
25%
“Le meilleur. Pis blanchi sous le harnais, hein. Trente ans d'fausse monnaie et pas un accroc. Un mec légendaire quoi. Les gens de sa partie l'appellent le _____ et enlèvent leur chapeau rien qu'en entendant son blaze. Une épée, quoi !"< Dabe
25%
"Le Bon Dieu aurait pu te faire _____. Tu as de la chance : il t'a épargné." Honnête
25%
"Pauvre con ! Le droit ! Mais dis-toi bien qu'en matière de _____ les États ont tous les droits et les particuliers aucun !" Monnaie
25%
"Mais pourquoi j'm'énerverais ? _____ joue les lointains ! D'ailleurs, j'peux très bien lui claquer la gueule sans m'énerver !" Monsieur
25%
"Le faux _____, Messieurs, est un travail qui se fait dans le feutré." Talbin
25%
"Faire confiance aux honnêtes gens est le seul vrai risque des professions _____." Aventureuses
13%
"L'_____, ça s'apprend pas." Éducation
13%
"Ca court les rues, les grands cons. Oui, mais celui là, c'est un _____ ". Exceptionnel
13%
"Car c'est pour vous dire que pour votre ami Éric, ses _____ _____, il peut se les cloquer dans le baba." Grands airs
13%
"L'_____, ça se paye !" Honnêteté
13%
"Oh mon cher maître, je vous en prie, hein ! Entre le baron Édouard et un _____-_____ comme Éric, il y a une marge." Traîne-patin
13%
Aucun quiz correspondant
Distribution des résultats
% des personnes avec chaque résultat
Percentile par nombre de réponses
Votre historique - résultats
Vous n’avez pas pris ce quiz depuis la dernière actualisation